[Event "European School Championships"]
[Site "Rhodes, Greece"]
[Date "2022.04.28"]
[Round "8.2"]
[White "Keskinler, Ela"]
[Black "Macek, Inti"]
[Result "1-0"]
[WhiteElo "1434"]
[BlackElo "1224"]
[PlyCount "91"]
[EventDate "2022.04.21"]
[EventRounds "9"]

1. e4 {[%emt 0:00:04]} e5 {[%emt 0:00:05]} 2. Nf3 {[%emt 0:00:09]} Nc6 {
[%emt 0:00:08]} 3. Nc3 {[%emt 0:00:07]} Nf6 {[%emt 0:00:05]} 4. d4 {[%emt 0:00:
06]} exd4 {[%emt 0:00:05]} 5. Nxd4 {[%emt 0:00:13]} Bb4 {[%emt 0:00:42]} 6.
Nxc6 {[%emt 0:00:35]} bxc6 {[%emt 0:00:32]} 7. Bd3 {[%emt 0:01:05]} d5 {
[%emt 0:03:56]} 8. exd5 {[%emt 0:02:14]} cxd5 {[%emt 0:00:35]} 9. O-O {[%emt 0:
01:45]} O-O {[%emt 0:01:13]} 10. Bg5 {[%emt 0:01:00]} c6 {[%emt 0:00:12]} 11.
Qf3 {[%emt 0:02:39]} h6 {[%emt 0:06:22]} 12. Bxf6 {[%emt 0:00:52]} Qxf6 {
[%emt 0:00:08]} 13. Qxf6 {[%emt 0:00:36]} gxf6 {[%emt 0:00:07]} 14. Ne2 {
[%emt 0:02:07]} c5 {[%emt 0:22:08]} 15. Nf4 {[%emt 0:00:51]} Rd8 {[%emt 0:16:
18]} 16. c3 {[%emt 0:03:59]} Ba5 {[%emt 0:03:54]} 17. Nh5 {[%emt 0:20:38]} Rd6
{[%emt 0:01:07]} 18. Rfe1 {[%emt 0:07:33]} Bg4 {[%emt 0:04:07]} 19. Ng3 {
[%emt 0:03:59]} d4 {[%emt 0:05:36]} 20. Ne4 {[%emt 0:15:02]} dxc3 {[%emt 0:08:
24]} 21. Nxd6 {[%emt 0:00:11]} cxb2 {[%emt 0:00:11]} 22. Rab1 {[%emt 0:00:15]}
Bxe1 {[%emt 0:00:14]} 23. Rxe1 {[%emt 0:00:08]} Rd8 {[%emt 0:00:21]} 24. Re8+ {
[%emt 0:00:29]} Rxe8 {[%emt 0:00:05]} 25. Nxe8 {[%emt 0:00:17]} c4 {[%emt 0:00:
32]} 26. Bb1 {[%emt 0:00:25]} Be6 {[%emt 0:00:31]} 27. Nxf6+ {[%emt 0:00:15]}
Kf8 {[%emt 0:03:22]} 28. Ne4 {[%emt 0:00:08]} Ke7 {[%emt 0:00:34]} 29. Kf1 {
[%emt 0:00:44]} f5 {[%emt 0:00:09]} 30. Nc3 {[%emt 0:00:10]} Kd6 {[%emt 0:00:
20]} 31. Ke2 {[%emt 0:00:35]} Kc5 {[%emt 0:01:44]} 32. Kd2 {[%emt 0:00:18]} Kb4
{[%emt 0:00:17]} 33. Kc2 {[%emt 0:00:31]} Ka3 {[%emt 0:00:08]} 34. Nb5+ {
[%emt 0:00:10]} Kb4 {[%emt 0:00:07]} 35. Nd4 {[%emt 0:01:03]} Bd5 {[%emt 0:00:
30]} 36. f3 {[%emt 0:00:43]} Ka3 {[%emt 0:03:09]} 37. Kc3 {[%emt 0:00:38]} a6 {
[%emt 0:00:10]} 38. Nxf5 {[%emt 0:00:21]} h5 {[%emt 0:00:06]} 39. Ne3 {[%emt 0:
00:14]} Bf7 {[%emt 0:00:24]} 40. Nxc4+ {[%emt 0:00:11]} Bxc4 {[%emt 0:00:06]}
41. Kxc4 {[%emt 0:00:17]} a5 {[%emt 0:00:09]} 42. f4 {[%emt 0:00:28]} a4 {
[%emt 0:00:05]} 43. f5 {[%emt 0:00:08]} h4 {[%emt 0:00:04]} 44. f6 {[%emt 0:00:
08]} h3 {[%emt 0:00:05]} 45. f7 {[%emt 0:00:03]} hxg2 {[%emt 0:00:08]} 46.
f8=Q# {[%emt 0:00:06]} 1-0

[Event "European School Championships"]
[Site "Rhodes, Greece"]
[Date "2022.04.28"]
[Round "8.3"]
[White "Susin, Derya Defne"]
[Black "Mgeladze, Kesaria"]
[Result "0-1"]
[WhiteElo "1297"]
[BlackElo "1663"]
[PlyCount "56"]
[EventDate "2022.04.21"]
[EventRounds "9"]

1. d4 {[%emt 0:00:03]} Nf6 {[%emt 0:00:26]} 2. Bf4 {[%emt 0:00:36]} g6 {
[%emt 0:00:55]} 3. Nc3 {[%emt 0:00:19]} d5 {[%emt 0:02:23]} 4. e3 {[%emt 0:00:
37]} c6 {[%emt 0:02:31]} 5. Nf3 {[%emt 0:02:07]} Bg4 {[%emt 0:03:27]} 6. Be2 {
[%emt 0:01:33]} Bg7 {[%emt 0:00:55]} 7. h3 {[%emt 0:12:05]} Bxf3 {[%emt 0:01:
32]} 8. Bxf3 {[%emt 0:00:12]} O-O {[%emt 0:00:48]} 9. Qd2 {[%emt 0:06:17]} Nbd7
{[%emt 0:03:17]} 10. g4 {[%emt 0:09:52]} b5 {[%emt 0:08:12]} 11. h4 {[%emt 0:
04:31]} b4 {[%emt 0:08:02]} 12. Ne2 {[%emt 0:03:02]} a5 {[%emt 0:01:26]} 13. h5
{[%emt 0:07:55]} c5 {[%emt 0:12:23]} 14. Ng3 {[%emt 0:09:40]} Nb6 {[%emt 0:09:
30]} 15. b3 {[%emt 0:21:20]} cxd4 {[%emt 0:07:40]} 16. exd4 {[%emt 0:01:19]}
Ne4 {[%emt 0:01:34]} 17. Bxe4 {[%emt 0:07:29]} dxe4 {[%emt 0:00:05]} 18. O-O-O
{[%emt 0:04:18]} a4 {[%emt 0:06:35]} 19. Bh6 {[%emt 0:02:00]} axb3 {[%emt 0:00:
21]} 20. axb3 {[%emt 0:02:09]} Nc4 {[%emt 0:08:58]} 21. bxc4 {[%emt 0:01:22]}
Ra1+ {[%emt 0:00:05]} 22. Kb2 {[%emt 0:00:15]} Ra2+ {[%emt 0:00:34]} 23. Kxa2 {
[%emt 0:02:26]} Qa5+ {[%emt 0:00:04]} 24. Kb1 {[%emt 0:00:21]} Ra8 {[%emt 0:00:
04]} 25. c3 {[%emt 0:00:33]} Qa1+ {[%emt 0:00:03]} 26. Kc2 {[%emt 0:00:04]} b3+
{[%emt 0:00:03]} 27. Kxb3 {[%emt 0:00:56]} Rb8+ {[%emt 0:00:03]} 28. Kc2 {
[%emt 0:00:10]} Rb2# {[%emt 0:00:03]} 0-1

[Event "European School Championships"]
[Site "Rhodes, Greece"]
[Date "2022.04.28"]
[Round "8.4"]
[White "Tsetskhladze, Mariam"]
[Black "Ozsoy, Idil Mira"]
[Result "1-0"]
[WhiteElo "1493"]
[BlackElo "2034"]
[PlyCount "77"]
[EventDate "2022.04.21"]
[EventRounds "9"]

1. e4 {[%emt 0:00:05]} e6 {[%emt 0:00:07]} 2. d4 {[%emt 0:00:06]} d5 {[%emt 0:
00:05]} 3. Nd2 {[%emt 0:00:04]} dxe4 {[%emt 0:00:06]} 4. Nxe4 {[%emt 0:00:04]}
Bd7 {[%emt 0:00:09]} 5. Nf3 {[%emt 0:09:30]} Bc6 {[%emt 0:00:09]} 6. Bd3 {
[%emt 0:00:59]} Nd7 {[%emt 0:00:11]} 7. Bf4 {[%emt 0:09:29]} Ngf6 {[%emt 0:01:
53]} 8. Qe2 {[%emt 0:02:33]} Nxe4 {[%emt 0:04:52]} 9. Bxe4 {[%emt 0:00:05]}
Bxe4 {[%emt 0:00:04]} 10. Qxe4 {[%emt 0:00:05]} c6 {[%emt 0:00:06]} 11. O-O {
[%emt 0:01:33]} Be7 {[%emt 0:00:53]} 12. c4 {[%emt 0:02:15]} Nf6 {[%emt 0:02:
42]} 13. Qc2 {[%emt 0:00:48]} O-O {[%emt 0:00:45]} 14. Rad1 {[%emt 0:02:01]} b5
{[%emt 0:13:26]} 15. b3 {[%emt 0:09:58]} a5 {[%emt 0:05:00]} 16. Qe2 {[%emt 0:
04:14]} b4 {[%emt 0:13:02]} 17. Ne5 {[%emt 0:01:11]} Qb6 {[%emt 0:04:11]} 18.
Bg5 {[%emt 0:01:18]} Rfd8 {[%emt 0:02:51]} 19. Qf3 {[%emt 0:01:17]} Rac8 {
[%emt 0:09:43]} 20. Rfe1 {[%emt 0:11:04]} h6 {[%emt 0:06:34]} 21. Be3 {[%emt 0:
01:42]} Qa6 {[%emt 0:03:52]} 22. Bc1 {[%emt 0:02:45]} a4 {[%emt 0:05:31]} 23.
Qg3 {[%emt 0:01:18]} Kf8 {[%emt 0:10:33]} 24. Qh3 {[%emt 0:01:28]} Qa7 {
[%emt 0:04:58]} 25. Bxh6 {[%emt 0:15:15]} Ng8 {[%emt 0:02:49]} 26. Be3 {
[%emt 0:01:25]} Qb7 {[%emt 0:04:08]} 27. Qf3 {[%emt 0:02:21]} Bf6 {[%emt 0:00:
24]} 28. Qh5 {[%emt 0:04:37]} a3 {[%emt 0:01:11]} 29. Nd3 {[%emt 0:00:41]} g6 {
[%emt 0:02:38]} 30. Qg4 {[%emt 0:01:56]} Bg7 {[%emt 0:00:59]} 31. Nc5 {[%emt 0:
00:32]} Qc7 {[%emt 0:00:45]} 32. Bg5 {[%emt 0:00:35]} Re8 {[%emt 0:00:42]} 33.
Qf3 {[%emt 0:00:18]} Qd6 {[%emt 0:01:13]} 34. Ne4 {[%emt 0:02:54]} Qd7 {
[%emt 0:00:10]} 35. Bf4 {[%emt 0:00:56]} Ra8 {[%emt 0:00:38]} 36. Bd6+ {
[%emt 0:00:23]} Ne7 {[%emt 0:00:29]} 37. Ng5 {[%emt 0:00:44]} Kg8 {[%emt 0:00:
41]} 38. Qxf7+ {[%emt 0:00:21]} Kh8 {[%emt 0:00:04]} 39. Nxe6 {[%emt 0:00:20]}
1-0

[Event "European School Championships"]
[Site "Rhodes, Greece"]
[Date "2022.04.29"]
[Round "9.2"]
[White "Tsetskhladze, Mariam"]
[Black "Keskinler, Ela"]
[Result "1-0"]
[WhiteElo "1493"]
[BlackElo "1434"]
[PlyCount "69"]
[EventDate "2022.04.21"]
[EventRounds "9"]

1. e4 {[%emt 0:00:05]} e6 {[%emt 0:00:12]} 2. d4 {[%emt 0:00:06]} d5 {[%emt 0:
00:13]} 3. Nd2 {[%emt 0:00:05]} c5 {[%emt 0:00:08]} 4. Ngf3 {[%emt 0:00:05]}
Nf6 {[%emt 0:01:40]} 5. e5 {[%emt 0:03:16]} Nfd7 {[%emt 0:00:12]} 6. c3 {
[%emt 0:00:18]} Nc6 {[%emt 0:00:52]} 7. Nb3 {[%emt 0:18:06]} Qb6 {[%emt 0:04:
28]} 8. dxc5 {[%emt 0:02:01]} Qc7 {[%emt 0:17:21]} 9. Nbd4 {[%emt 0:06:40]}
Ncxe5 {[%emt 0:01:37]} 10. b4 {[%emt 0:01:16]} a6 {[%emt 0:03:22]} 11. Nxe5 {
[%emt 0:05:45]} Qxe5+ {[%emt 0:03:31]} 12. Be2 {[%emt 0:02:03]} Be7 {[%emt 0:
02:10]} 13. O-O {[%emt 0:00:22]} Qc7 {[%emt 0:01:17]} 14. Qb3 {[%emt 0:05:41]}
O-O {[%emt 0:00:44]} 15. Bb2 {[%emt 0:03:52]} Bf6 {[%emt 0:01:18]} 16. Rac1 {
[%emt 0:02:38]} Nb8 {[%emt 0:08:46]} 17. a4 Rd8 {[%emt 0:18:38]} 18. Qc2 g6 {
[%emt 0:10:06]} 19. f4 Bd7 {[%emt 0:08:15]} 20. c4 e5 {[%emt 0:29:58]} 21. fxe5
{[%emt 0:01:42]} Qxe5 {[%emt 0:05:07]} 22. Rxf6 {[%emt 0:02:43]} Qxf6 {[%emt 0:
00:12]} 23. cxd5 {[%emt 0:00:36]} Qe7 {[%emt 0:01:43]} 24. Qc3 {[%emt 0:00:46]}
f6 {[%emt 0:00:34]} 25. Bc4 {[%emt 0:00:25]} Qg7 {[%emt 0:00:43]} 26. c6 {
[%emt 0:02:05]} Bc8 {[%emt 0:01:36]} 27. d6+ {[%emt 0:00:10]} Kh8 {[%emt 0:00:
15]} 28. Ne6 {[%emt 0:00:27]} Bxe6 {[%emt 0:00:49]} 29. Qxf6 {[%emt 0:01:05]}
Qxf6 {[%emt 0:00:28]} 30. Bxf6+ {[%emt 0:00:07]} Kg8 {[%emt 0:00:04]} 31. Bxe6+
Kf8 {[%emt 0:00:10]} 32. Bxd8 {[%emt 0:00:57]} Nxc6 {[%emt 0:00:13]} 33. Rf1+ {
[%emt 0:00:27]} Kg7 {[%emt 0:00:24]} 34. Bf6+ Kh6 {[%emt 0:00:38]} 35. Rf3 1-0

[Event "European School Championships"]
[Site "Rhodes, Greece"]
[Date "2022.04.29"]
[Round "9.3"]
[White "Eshkol, Lilian"]
[Black "Barbier-Ramaiah, Riya Aude"]
[Result "1-0"]
[WhiteElo "1636"]
[BlackElo "1210"]
[PlyCount "75"]
[EventDate "2022.04.21"]
[EventRounds "9"]

1. d4 {[%emt 0:00:13]} Nf6 {[%emt 0:00:07]} 2. c4 {[%emt 0:00:33]} g6 {[%emt 0:
00:17]} 3. Nc3 {[%emt 0:00:50]} Bg7 {[%emt 0:00:12]} 4. Nf3 {[%emt 0:00:59]} d6
{[%emt 0:00:25]} 5. e3 {[%emt 0:02:29]} O-O {[%emt 0:00:10]} 6. Be2 {[%emt 0:
01:54]} Nbd7 {[%emt 0:01:34]} 7. O-O {[%emt 0:01:42]} e5 {[%emt 0:00:28]} 8. b3
{[%emt 0:02:21]} e4 {[%emt 0:02:56]} 9. Nd2 {[%emt 0:00:35]} Re8 {[%emt 0:01:
27]} 10. Qc2 {[%emt 0:02:08]} Qe7 {[%emt 0:00:26]} 11. Bb2 {[%emt 0:02:51]} c6
{[%emt 0:04:07]} 12. Rac1 {[%emt 0:06:23]} a6 {[%emt 0:04:12]} 13. b4 {[%emt 0:
08:07]} d5 {[%emt 0:12:25]} 14. c5 {[%emt 0:02:15]} Nf8 {[%emt 0:03:14]} 15. a4
{[%emt 0:01:54]} h5 {[%emt 0:03:07]} 16. Rfe1 {[%emt 0:10:34]} Bf5 {[%emt 0:02:
17]} 17. b5 {[%emt 0:04:21]} h4 {[%emt 0:10:35]} 18. h3 {[%emt 0:10:31]} N8h7 {
[%emt 0:01:59]} 19. Nf1 {[%emt 0:06:30]} Ng5 {[%emt 0:06:23]} 20. Qd1 {[%emt 0:
05:29]} Qd7 {[%emt 0:04:23]} 21. Nh2 {[%emt 0:02:07]} axb5 {[%emt 0:06:18]} 22.
axb5 {[%emt 0:00:21]} Ra5 {[%emt 0:08:56]} 23. Na4 {[%emt 0:03:35]} cxb5 {
[%emt 0:06:07]} 24. Nb6 {[%emt 0:00:24]} Qc6 {[%emt 0:01:10]} 25. Qb3 {[%emt 0:
01:21]} Nd7 {[%emt 0:05:29]} 26. Bc3 {[%emt 0:01:07]} Ra7 {[%emt 0:00:42]} 27.
Bxb5 {[%emt 0:00:30]} Qc7 {[%emt 0:02:45]} 28. Nxd5 {[%emt 0:01:29]} Qd8 {
[%emt 0:04:36]} 29. Bb4 {[%emt 0:05:28]} Nf6 {[%emt 0:01:24]} 30. Nxf6+ {
[%emt 0:00:51]} Bxf6 {[%emt 0:00:53]} 31. Bxe8 {[%emt 0:00:50]} Qxe8 {[%emt 0:
00:10]} 32. Ra1 {[%emt 0:02:22]} Rxa1 {[%emt 0:00:35]} 33. Rxa1 {[%emt 0:00:08]
} Qd7 {[%emt 0:00:59]} 34. Ra8+ {[%emt 0:01:10]} Kg7 {[%emt 0:00:22]} 35. Qa4 {
[%emt 0:00:55]} Bxh3 {[%emt 0:03:00]} 36. gxh3 {[%emt 0:11:12]} Qxh3 {[%emt 0:
00:58]} 37. Qe8 {[%emt 0:00:12]} Kh6 {[%emt 0:01:44]} 38. Qc8 {[%emt 0:00:31]}
1-0

[Event "European School Championships"]
[Site "Rhodes, Greece"]
[Date "2022.04.29"]
[Round "9.4"]
[White "Macek, Inti"]
[Black "Abbasova, Zarifa"]
[Result "0-1"]
[WhiteElo "1224"]
[BlackElo "1497"]
[PlyCount "112"]
[EventDate "2022.04.21"]
[EventRounds "9"]

1. d4 {[%emt 0:00:01]} Nf6 {[%emt 0:00:05]} 2. Nf3 {[%emt 0:00:08]} e6 {
[%emt 0:00:05]} 3. c4 {[%emt 0:00:07]} b6 {[%emt 0:00:07]} 4. Nc3 {[%emt 0:01:
05]} Bb7 {[%emt 0:00:17]} 5. Bg5 {[%emt 0:03:10]} h6 {[%emt 0:00:08]} 6. Bxf6 {
[%emt 0:00:06]} Qxf6 {[%emt 0:00:06]} 7. e4 {[%emt 0:20:38]} Bb4 {[%emt 0:00:
09]} 8. e5 {[%emt 0:00:13]} Bxc3+ {[%emt 0:03:22]} 9. bxc3 {[%emt 0:00:07]} Qe7
{[%emt 0:03:12]} 10. Be2 {[%emt 0:00:20]} d6 {[%emt 0:01:59]} 11. O-O {[%emt 0:
12:12]} Nd7 {[%emt 0:03:12]} 12. Qa4 {[%emt 0:08:34]} O-O {[%emt 0:06:23]} 13.
exd6 {[%emt 0:00:51]} cxd6 {[%emt 0:03:51]} 14. Rad1 {[%emt 0:09:11]} f5 {
[%emt 0:16:57]} 15. Rfe1 {[%emt 0:09:29]} g5 {[%emt 0:04:53]} 16. d5 {[%emt 0:
11:54]} Nc5 {[%emt 0:01:44]} 17. Qc2 {[%emt 0:00:50]} e5 {[%emt 0:00:35]} 18.
h3 {[%emt 0:00:21]} Bc8 {[%emt 0:08:48]} 19. Nd2 {[%emt 0:07:19]} Bd7 {[%emt 0:
02:16]} 20. g3 {[%emt 0:04:50]} Qf6 {[%emt 0:04:49]} 21. Bf1 {[%emt 0:04:08]}
Kg7 {[%emt 0:04:41]} 22. Bg2 {[%emt 0:00:58]} Be8 {[%emt 0:10:25]} 23. Nb3 {
[%emt 0:00:44]} Rc8 {[%emt 0:02:37]} 24. Nxc5 {[%emt 0:00:12]} Rxc5 {[%emt 0:
00:25]} 25. Bf1 {[%emt 0:00:26]} Bg6 {[%emt 0:01:09]} 26. Qa4 {[%emt 0:00:47]}
Rf7 {[%emt 0:02:31]} 27. Rd2 {[%emt 0:01:03]} Qd8 {[%emt 0:01:40]} 28. Rb2 {
[%emt 0:00:18]} f4 {[%emt 0:01:06]} 29. g4 {[%emt 0:00:20]} e4 {[%emt 0:03:32]}
30. Rb5 {[%emt 0:00:24]} Qc8 {[%emt 0:04:06]} 31. Rxc5 {[%emt 0:00:32]} Qxc5 {
[%emt 0:00:57]} 32. Qb5 {[%emt 0:00:15]} Rc7 {[%emt 0:00:51]} 33. Qb4 {[%emt 0:
01:17]} f3 {[%emt 0:01:37]} 34. a3 {[%emt 0:00:51]} Rc8 {[%emt 0:01:02]} 35.
Re3 {[%emt 0:00:40]} Qc7 {[%emt 0:01:23]} 36. Qb5 {[%emt 0:00:25]} Qb7 {
[%emt 0:01:28]} 37. Qb4 {[%emt 0:00:41]} Rc5 {[%emt 0:00:15]} 38. Qa4 {[%emt 0:
01:06]} Ra5 {[%emt 0:00:50]} 39. Qb4 {[%emt 0:00:16]} Qc7 {[%emt 0:00:37]} 40.
Re1 {[%emt 0:01:20]} Qd7 {[%emt 0:03:31]} 41. Re3 {[%emt 0:01:54]} Qd8 {
[%emt 0:06:14]} 42. Kh2 {[%emt 0:02:30]} Qc7 {[%emt 0:02:21]} 43. Kg1 {[%emt 0:
00:54]} Qc5 {[%emt 0:00:33]} 44. Re1 {[%emt 0:00:11]} Kf6 {[%emt 0:01:33]} 45.
Re3 {[%emt 0:03:06]} Qc7 {[%emt 0:01:23]} 46. Re1 {[%emt 0:03:34]} Rc5 {
[%emt 0:00:37]} 47. Re3 {[%emt 0:01:27]} Qh7 {[%emt 0:01:27]} 48. Qa4 {[%emt 0:
01:52]} h5 {[%emt 0:07:05]} 49. Bd3 {[%emt 0:04:35]} exd3 {[%emt 0:04:32]} 50.
Re6+ {[%emt 0:00:10]} Kg7 {[%emt 0:00:22]} 51. Rxd6 {[%emt 0:07:36]} Rc7 {
[%emt 0:04:30]} 52. Rd8 {[%emt 0:03:34]} hxg4 {[%emt 0:03:05]} 53. hxg4 {
[%emt 0:00:21]} Qh3 {[%emt 0:01:27]} 54. Rd7+ {[%emt 0:00:05]} Rxd7 {[%emt 0:
00:18]} 55. Qxd7+ {[%emt 0:00:05]} Bf7 {[%emt 0:00:17]} 56. Qf5 {[%emt 0:00:13]
} Qg2# {[%emt 0:00:05]} 0-1

[Event "European School Championships"]
[Site "Rhodes, Greece"]
[Date "2022.04.21"]
[Round "1.1"]
[White "Bereketoglu, Nadiye"]
[Black "Akat, Elifnaz"]
[Result "1/2-1/2"]
[WhiteElo "1468"]
[BlackElo "1769"]
[PlyCount "113"]
[EventDate "2022.04.21"]
[EventRounds "9"]

1. d4 {[%emt 0:00:02]} Nf6 {[%emt 0:00:08]} 2. Bf4 {[%emt 0:00:06]} c5 {
[%emt 0:00:11]} 3. e3 {[%emt 0:00:09]} Nd5 {[%emt 0:00:21]} 4. Bg3 {[%emt 0:00:
11]} Qb6 {[%emt 0:00:45]} 5. b3 {[%emt 0:01:56]} g6 {[%emt 0:03:00]} 6. Nf3 {
[%emt 0:00:55]} Bg7 {[%emt 0:00:37]} 7. Bc4 {[%emt 0:02:39]} Nf6 {[%emt 0:03:
18]} 8. O-O {[%emt 0:01:22]} d5 {[%emt 0:03:40]} 9. Be2 {[%emt 0:00:46]} O-O {
[%emt 0:10:18]} 10. Nc3 {[%emt 0:03:28]} cxd4 {[%emt 0:02:22]} 11. exd4 {
[%emt 0:02:09]} a6 {[%emt 0:03:41]} 12. Ne5 {[%emt 0:10:52]} Bf5 13. Na4 {
[%emt 0:02:50]} Qd8 {[%emt 0:06:48]} 14. Bf3 {[%emt 0:06:22]} Nbd7 {[%emt 0:05:
37]} 15. c4 {[%emt 0:05:14]} Nxe5 {[%emt 0:16:49]} 16. Bxe5 {[%emt 0:01:47]}
Ne4 {[%emt 0:06:43]} 17. Bxg7 {[%emt 0:01:33]} Kxg7 {[%emt 0:00:10]} 18. cxd5 {
[%emt 0:00:53]} Nf6 {[%emt 0:08:27]} 19. Re1 {[%emt 0:04:04]} Ra7 {[%emt 0:02:
52]} 20. Nc3 {[%emt 0:02:52]} b5 {[%emt 0:00:46]} 21. b4 {[%emt 0:01:39]} Rc7 {
[%emt 0:02:28]} 22. Rc1 {[%emt 0:01:19]} Rc4 {[%emt 0:01:24]} 23. a3 {[%emt 0:
01:01]} Qd6 {[%emt 0:02:16]} 24. g3 {[%emt 0:10:30]} Rfc8 {[%emt 0:01:57]} 25.
Qd2 {[%emt 0:02:28]} h5 {[%emt 0:01:24]} 26. Be2 {[%emt 0:02:34]} R4c7 {
[%emt 0:01:17]} 27. Bf3 {[%emt 0:00:47]} Qb6 {[%emt 0:01:19]} 28. Qe3 {[%emt 0:
05:59]} Qd6 {[%emt 0:01:44]} 29. Bg2 {[%emt 0:01:36]} Ng4 {[%emt 0:01:06]} 30.
Qd2 {[%emt 0:00:38]} Nf6 {[%emt 0:00:12]} 31. h3 {[%emt 0:01:03]} Qb6 {[%emt 0:
01:11]} 32. Qe3 {[%emt 0:00:27]} Kg8 {[%emt 0:03:16]} 33. f3 {[%emt 0:03:40]}
Rd8 {[%emt 0:01:01]} 34. g4 {[%emt 0:03:35]} Bc8 {[%emt 0:00:26]} 35. Qe5 {
[%emt 0:08:14]} Rcd7 {[%emt 0:01:56]} 36. gxh5 {[%emt 0:04:32]} Nxh5 {[%emt 0:
00:23]} 37. f4 {[%emt 0:01:23]} Ng7 {[%emt 0:00:01]} 38. Ne2 {[%emt 0:01:22]}
Bb7 {[%emt 0:01:00]} 39. Rc5 {[%emt 0:00:34]} Nf5 {[%emt 0:00:35]} 40. Nc3 {
[%emt 0:01:46]} Nd6 {[%emt 0:01:22]} 41. Bf1 {[%emt 0:00:50]} Nf5 {[%emt 0:00:
50]} 42. Bd3 {[%emt 0:01:09]} Ng7 {[%emt 0:00:36]} 43. Re2 {[%emt 0:01:31]} Qd6
{[%emt 0:00:03]} 44. Qe4 {[%emt 0:00:54]} Nh5 {[%emt 0:01:02]} 45. Rf2 {
[%emt 0:00:23]} Nf6 {[%emt 0:00:08]} 46. Qg2 {[%emt 0:02:21]} Nxd5 {[%emt 0:00:
37]} 47. Ne4 {[%emt 0:02:11]} Nxf4 {[%emt 0:01:45]} 48. Nxd6 {[%emt 0:00:31]}
Bxg2 {[%emt 0:00:19]} 49. Rxf4 {[%emt 0:00:07]} exd6 {[%emt 0:00:07]} 50. Rg5 {
[%emt 0:00:27]} Bb7 {[%emt 0:08:16]} 51. h4 {[%emt 0:00:32]} Kg7 {[%emt 0:04:
42]} 52. h5 {[%emt 0:01:00]} Rh8 {[%emt 0:01:57]} 53. hxg6 {[%emt 0:01:21]}
Rh1+ {[%emt 0:00:17]} 54. Kf2 {[%emt 0:00:03]} Rh2+ {[%emt 0:00:49]} 55. Kg1 {
[%emt 0:00:28]} Rh1+ {[%emt 0:00:07]} 56. Kf2 {[%emt 0:00:03]} Rh2+ {[%emt 0:
00:19]} 57. Kg1 {[%emt 0:00:05]} 1/2-1/2

[Event "European School Championships"]
[Site "Rhodes, Greece"]
[Date "2022.04.21"]
[Round "1.2"]
[White "Mustu, Hatice Asli"]
[Black "Latypova, Olga L"]
[Result "1-0"]
[WhiteElo "1704"]
[BlackElo "1451"]
[PlyCount "37"]
[EventDate "2022.04.21"]
[EventRounds "9"]

1. d4 {[%emt 0:00:02]} Nf6 {[%emt 0:00:18]} 2. Bf4 {[%emt 0:00:10]} g6 {
[%emt 0:00:31]} 3. Nc3 {[%emt 0:00:17]} d5 {[%emt 0:00:37]} 4. e3 {[%emt 0:00:
08]} Bg7 {[%emt 0:00:41]} 5. h4 {[%emt 0:00:26]} h5 {[%emt 0:03:10]} 6. Nf3 {
[%emt 0:00:17]} O-O {[%emt 0:01:11]} 7. Ne5 {[%emt 0:05:40]} Kh7 {[%emt 0:18:
51]} 8. Be2 {[%emt 0:05:39]} Be6 {[%emt 0:29:30]} 9. g4 {[%emt 0:20:30]} hxg4 {
[%emt 0:08:41]} 10. h5 {[%emt 0:01:06]} Nxh5 {[%emt 0:11:06]} 11. Bxg4 {
[%emt 0:00:51]} Bxg4 {[%emt 0:05:29]} 12. Qxg4 {[%emt 0:00:18]} Qe8 {[%emt 0:
05:44]} 13. Rxh5+ {[%emt 0:01:19]} gxh5 {[%emt 0:00:24]} 14. Qxh5+ {[%emt 0:00:
09]} Kg8 {[%emt 0:00:13]} 15. O-O-O {[%emt 0:00:20]} f5 {[%emt 0:04:13]} 16.
Qg5 {[%emt 0:01:57]} Nd7 {[%emt 0:03:58]} 17. Rg1 {[%emt 0:03:32]} Rf7 {
[%emt 0:00:44]} 18. Nxd5 {[%emt 0:01:24]} Rd8 {[%emt 0:02:01]} 19. Nxc7 {
[%emt 0:00:15]} 1-0

[Event "European School Championships"]
[Site "Rhodes, Greece"]
[Date "2022.04.22"]
[Round "2.1"]
[White "Janouskova, Adela"]
[Black "Mustu, Hatice Asli"]
[Result "1-0"]
[WhiteElo "1498"]
[BlackElo "1704"]
[PlyCount "103"]
[EventDate "2022.04.21"]
[EventRounds "9"]

1. e4 {[%emt 0:00:06]} c5 {[%emt 0:00:10]} 2. b4 {[%emt 0:00:55]} cxb4 {
[%emt 0:00:49]} 3. a3 {[%emt 0:01:08]} e6 {[%emt 0:01:24]} 4. axb4 {[%emt 0:00:
44]} Bxb4 {[%emt 0:03:45]} 5. c3 {[%emt 0:00:12]} Be7 {[%emt 0:00:52]} 6. d4 {
[%emt 0:01:41]} Nf6 {[%emt 0:02:13]} 7. Bd3 {[%emt 0:03:53]} d6 {[%emt 0:03:45]
} 8. f4 {[%emt 0:04:18]} Bd7 {[%emt 0:18:11]} 9. Nf3 {[%emt 0:03:43]} Nc6 {
[%emt 0:01:56]} 10. Bc2 {[%emt 0:07:14]} Qc7 {[%emt 0:10:30]} 11. e5 {[%emt 0:
08:00]} Nd5 {[%emt 0:02:17]} 12. O-O {[%emt 0:12:21]} Na5 {[%emt 0:05:59]} 13.
Qd3 {[%emt 0:06:07]} a6 {[%emt 0:04:18]} 14. Nfd2 {[%emt 0:05:46]} Bb5 {
[%emt 0:02:13]} 15. Ba4 {[%emt 0:01:04]} Bxa4 {[%emt 0:00:55]} 16. Rxa4 {
[%emt 0:00:13]} b5 {[%emt 0:00:43]} 17. Ra1 {[%emt 0:02:48]} Rc8 {[%emt 0:01:
47]} 18. Ne4 {[%emt 0:03:04]} dxe5 {[%emt 0:08:17]} 19. fxe5 {[%emt 0:00:31]}
f5 {[%emt 0:01:05]} 20. Nd6+ {[%emt 0:04:23]} Bxd6 {[%emt 0:00:19]} 21. exd6 {
[%emt 0:00:09]} Qb6 {[%emt 0:01:13]} 22. Qe2 {[%emt 0:06:30]} Kd7 {[%emt 0:02:
44]} 23. Qe5 {[%emt 0:01:45]} Nf6 {[%emt 0:05:52]} 24. Re1 {[%emt 0:04:04]}
Rhe8 {[%emt 0:01:26]} 25. Qg3 {[%emt 0:01:50]} g6 {[%emt 0:00:44]} 26. Qh4 {
[%emt 0:05:51]} Nh5 {[%emt 0:00:52]} 27. Ba3 {[%emt 0:02:23]} Nc4 {[%emt 0:01:
33]} 28. Bc5 {[%emt 0:00:40]} Qc6 {[%emt 0:01:14]} 29. Na3 {[%emt 0:04:35]}
Nxd6 {[%emt 0:01:04]} 30. Nc2 {[%emt 0:00:53]} Qb7 {[%emt 0:07:22]} 31. Nb4 {
[%emt 0:01:08]} Ra8 {[%emt 0:00:02]} 32. Nd3 {[%emt 0:01:30]} Ne4 {[%emt 0:01:
43]} 33. Ne5+ {[%emt 0:00:54]} Kc7 {[%emt 0:00:46]} 34. Qh3 {[%emt 0:00:57]}
Qd5 {[%emt 0:01:48]} 35. Bb4 {[%emt 0:00:46]} Kb7 {[%emt 0:01:11]} 36. Qe3 {
[%emt 0:01:19]} Rac8 {[%emt 0:00:49]} 37. Reb1 {[%emt 0:01:02]} Red8 {[%emt 0:
01:56]} 38. Ba5 {[%emt 0:02:36]} f4 {[%emt 0:02:07]} 39. Qc1 {[%emt 0:00:51]}
Rf8 {[%emt 0:00:55]} 40. Qa3 {[%emt 0:00:52]} Nd6 {[%emt 0:03:07]} 41. Bb4 {
[%emt 0:01:15]} Ra8 {[%emt 0:16:25]} 42. Bxd6 {[%emt 0:00:30]} Rfd8 {[%emt 0:
00:57]} 43. Bc5 {[%emt 0:00:58]} f3 {[%emt 0:02:30]} 44. Nxf3 {[%emt 0:01:57]}
Nf4 {[%emt 0:01:01]} 45. Qa2 {[%emt 0:01:30]} Qe4 {[%emt 0:04:19]} 46. Re1 {
[%emt 0:00:50]} Qd3 {[%emt 0:00:39]} 47. Qa5 {[%emt 0:06:40]} Nh3+ {[%emt 0:04:
11]} 48. gxh3 {[%emt 0:01:07]} Qxf3 {[%emt 0:00:11]} 49. Qb6+ {[%emt 0:00:39]}
Kc8 {[%emt 0:00:02]} 50. Qxe6+ {[%emt 0:00:46]} Kb7 {[%emt 0:00:14]} 51. Qb6+ {
[%emt 0:01:54]} Kc8 {[%emt 0:00:03]} 52. Re7 {[%emt 0:01:25]} 1-0